| 000 | 00986nam a22002417a 4500 | ||
|---|---|---|---|
| 005 | 20250827111256.0 | ||
| 006 | a|||||r||||||||||| | ||
| 008 | s2012||||gr ||||f ||| 001 gre d | ||
| 020 | _a9789608249707 | ||
| 040 |
_aGR-AtMCL _bgre _dGR-AtMCL _eAACR2 |
||
| 100 |
_aΚατερίνης, Παναγιώτης _4070 _910027 |
||
| 245 | 1 | 0 |
_aΑνώτερα μαθηματικά / _cΠ. Κατερίνης, Η. Φλυτζάνης |
| 250 | _a1η έκδ. | ||
| 260 |
_aΑθήνα : _bΕκδόσεις Γ. Μπένου, _c2012 |
||
| 300 |
_a1047 σ. ; _c24 εκ. |
||
| 500 | _aΠεριέχει ευρετήριο. | ||
| 505 | 0 | _aΜαθηματικός λογισμός, Γραμμική Άλγεβα, Γραμμική Δυναμική, Εφαρμογές στα οικονομικά | |
| 650 | 0 | 0 |
_aΜαθηματικά _vΔιδακτικά βιβλία _910026 |
| 653 | _aΜηχανικών | ||
| 700 | 1 |
_aΦλυτζάνης, Ηλίας Γ. _4070 _95990 |
|
| 942 | _cBK | ||
| 999 |
_c9897 _d9897 |
||